000 00613nam a22002297a 4500
001 79367
003 UA-OsUOA
005 20211014203849.0
007 ta
008 20111109b un ||||| |||| 00| 0 ukr d
040 _aUA-OsUOA
_brus
_cUA-OsUOA
_dUA-OsUOA
041 _arus
080 _a94(470+571)
090 _a94(470+571)
_bР93
100 _aРыбаков Б. А.
245 _aМир истории. Начальные века русской истории
260 _aМ.
_bМол. гвардия
_c1987
300 _a351 с.
650 7 _a94 Історія
_2UDC
942 _cBK
_2udc
955 _a2
999 _c365615
_d365615